|
|
|
|
| LEADER |
00858nab#a2200313#ar4500 |
| 001 |
000103414 |
| 003 |
SVKKK |
| 005 |
20101221143037.0 |
| 008 |
080509c2010 xo |||||||||||||||b|slo |
| FMT |
|
|
|
| 015 |
|
|
|a SNBRB2010/12
|
| 038 |
|
|
|a SVKKK
|
| 040 |
|
|
|a SVKKK
|b slo
|e AACR2
|
| 041 |
0 |
|
|a slo
|
| 044 |
|
|
|a xo
|c SK
|
| 080 |
|
|
|a 549.514.53
|x (234.372.3)
|2 1997
|
| 100 |
1 |
|
|a Mesiarkinová, M.
|4 aut
|
| 245 |
1 |
0 |
|a Röntgenové štúdium opálov z Poľany
|c M. Mesiarkinová, D. Ozdín, P. Bačík
|
| 650 |
0 |
4 |
|a opály
|x röntgenová difrakcia
|z Poľana (Slovensko)
|
| 700 |
1 |
|
|a Ozdín, D.
|4 aut
|
| 700 |
1 |
|
|a Bačík, Peter
|4 aut
|
| 773 |
0 |
|
|t Mineralia slovaca
|g Roč. 42, č. 2 (2010)
|x 0369-2086
|
| 773 |
0 |
|
|i Príl.:
|t Geovestník
|g Č. 2 (2010), s. 251-252
|
| 974 |
|
|
|a Ni
|
| 992 |
|
|
|a RBX
|
| BAS |
|
|
|
| 852 |
|
|
|a SVKKK
|b BIB
|
| EXP |
|
|
|
| 998 |
|
|
|a GEO
|